タイトルに「。」が含まれるVOCALOID伝説入り曲 - Statistics

General Stats
  • This quiz has been taken 53 times
  • The average score is 4 of 18
Answer Stats
Answer % Correct
命に嫌われている。
69%
あの夏が飽和する。
42%
え?あぁ、そう。
38%
こちら、幸福安心委員会です。
27%
*ハロー、プラネット。
24%
君の神様になりたい。
22%
『んっあっあっ。』
22%
ねぇねぇねぇ。
20%
天使の翼。
18%
今好きになる。
13%
自由に捕らわれる。
13%
性格悪くてすみません。
13%
家に帰ると妻が必ず死んだふりをしています。
11%
永遠に幸せになる方法、見つけました。
11%
一途な片思い、実らせたい小さな幸せ。
11%
忘れちゃったよ。
11%
愛があれば。
11%
朝焼け、君の唄。
4%
No matching quizzes found
Score Distribution
Percent of People with Each Score
Percentile by Number Answered
Your Score History
You have not taken this quiz